Engineering economics

Αποθηκεύτηκε σε:
Λεπτομέρειες βιβλιογραφικής εγγραφής
Κύριος συγγραφέας: Riggs, James L.
Άλλοι συγγραφείς: Bedworth, David D., Randhawa, Sabah U.
Μορφή: Βιβλίο
Γλώσσα:English
Δημοσίευση: New York : McGraw-Hill, c1996
Έκδοση:4th ed.
Σειρά:McGraw-Hill series in industrial engineering and management science
Θέματα:
Ετικέτες: Προσθήκη ετικέτας
Δεν υπάρχουν, Καταχωρήστε ετικέτα πρώτοι!

MARC

LEADER 00000nam a2200000 i 4500
001 1/17077
008 010209s1996 eng d
020 |a 0-07-912248-5 
035 |l 10066005 
040 |a GR-MY-UA  |b gre  |e aacr 
041 0 |a eng 
082 0 |a 658.15 
100 1 |a Riggs, James L. 
245 1 0 |a Engineering economics /  |c James L. Riggs, David D. Bedworth, Sabah U. Randhawa 
250 |a 4th ed. 
260 |a New York :   |b McGraw-Hill,   |c c1996 
300 |a xx, 791 p. (in various paging)  |e 1 computer disk (3 1/2 in.) 
490 1 |a McGraw-Hill series in industrial engineering and management science 
504 |a Inlcudes bibliographical references and index 
650 0 0 |a Engineering economy. 
700 1 |a Bedworth, David D. 
700 1 |a Randhawa, Sabah U. 
830 0 |a McGraw-Hill series in industrial engineering and management science 
852 |a INST  |b CHIOS  |e 20010209  |h 658.15 RIG  |p 005200021540  |q 005200021540  |t BK  |y 0 
852 |a INST  |b CHIOS  |e 20010220  |h 658.15 RIG   |p 005200021413  |q 005200021413  |t BK  |y 0 
901 |a BIBL2-2001-1 
909 |a Χ  |b 083978 
909 |a X  |b 083485 
922 |a 2ΕΛΗ  |b 200012  |c ΤΜΟΔ  |d ΜΙΧΑΛΟΠΟΥΛΟΣ 
950 |a 186-2000-09-14 
970 |a ΣΑΛΑΜΟΥΡΑ  |b ΜΑΡΙΑ  |z 2001/02/20